| 000 | 01214nas a2200361 4500 | ||
|---|---|---|---|
| 001 | BR2015006582 | ||
| 003 | BR-BrBNA | ||
| 005 | 20231205125942.0 | ||
| 007 | ta | ||
| 008 | 230509b bl.|||p| |||| 00| 00por d | ||
| 040 |
_aBR-BrBNA _bpor _cBiblioteca Nacional de Agricultura |
||
| 041 | _a(Pt) | ||
| 072 | _aF62 | ||
| 100 | 1 | _aFrigotto, T. | |
| 100 | 1 | _aBrun, E.J. | |
| 100 | 1 | _aMezzalira, C.C. | |
| 100 | 1 | _aNavroski, M.C. | |
| 100 | 1 | _aBiz, S. | |
| 100 | 1 | _aRibeiro, R.R. | |
| 245 | 1 | _aDesenvolvimento de mudas de Schizolobium amazonicum Huber ex Ducke em diferentes ambientes em viveiro | |
| 246 | 1 | _aDevelopment of seedlings Schizolobium amazonicum Huber ex Ducke in different environments in nursery | |
| 650 | _aPARICA | ||
| 650 | _aPRODUCAO VEGETAL | ||
| 650 | _aMUDA | ||
| 650 | _aSCHIZOLOBIUM AMAZONICUM | ||
| 650 | _aACLIMATACAO | ||
| 650 | _aRENDIMENTO | ||
| 650 | _aANALISE COMPARATIVA | ||
| 773 | 0 |
_tEcologia e Nutrição Florestal (Brazil) _xISSN 2316-980X _g(Jan-Apr 2015), v. 3(1) p. 9-17 _wBR2015006582 |
|
| 856 | 4 | 0 | _uhttp://cascavel.ufsm.br/revistas/ojs-2.2.2/index.php/enflo/article/view/17061/pdf |
| 909 |
_a202311 _bLúcia _c55 _dLúcia Elande |
||
| 942 |
_2AGRIS _n0 _cANA |
||
| 999 |
_c247080 _d247080 |
||